| 000 | 01717nam a2200265Ia 4500 | ||
|---|---|---|---|
| 008 | 260220t2001||||xx |||||||||||||| ||spa|| | ||
| 020 | _a8466304134 | ||
| 040 |
_aPY-SlUNAC _bspa _erda |
||
| 041 | _aspa | ||
| 082 |
_a843 _bR926c |
||
| 100 |
_aRufin, Jean Cristophe _eAutor |
||
| 245 | 0 |
_aEl cerco de Ispahán / _cpor Jean Cristophe Rufin [Autor] |
|
| 250 | _aSegunda edición | ||
| 264 |
_aMadrid : _bPunto de lectura, _c℗2001. |
||
| 300 | _a1 volumen | ||
| 520 | _a"El cerco de Ispahán" de Jean Christophe Rufin es una novela histórica que se desarrolla en el contexto de la guerra entre persas y otomanos durante el siglo XVII. La trama sigue las peripecias de un grupo de personajes que, atrapados en el asedio de la ciudad de Ispahán, deben enfrentarse a la adversidad y a sus propias convicciones. Rufin entrelaza la historia personal de sus protagonistas con los eventos bélicos, retratando la complejidad de la guerra y sus consecuencias en la vida cotidiana. A través de descripciones vívidas y un estilo narrativo envolvente, el autor explora temas como la lealtad, el sacrificio y la búsqueda de la identidad en tiempos de conflicto. La novela no solo ofrece una visión detallada de la cultura persa y sus costumbres, sino que también invita a reflexionar sobre la naturaleza humana y la resiliencia ante la destrucción. "El cerco de Ispahán" se erige así como una obra que combina erudición histórica con una profunda exploración emocional. | ||
| 653 | _aGuerra | ||
| 653 | _aHistoria | ||
| 653 | _aPersas | ||
| 942 |
_b2026/02/17 _cBK |
||
| 999 |
_c9144 _d9144 |
||